000 00550nam a22001697a 4500
003 OSt
005 20171010095510.0
008 120813t xxu||||| |||| 00| 0 eng d
040 _aMMSU
_cULS
100 _aCorpuz, Jo Ann A.
_912050
245 _aLevels of stress and teacher performance
_cJo Ann A. Corpuz
260 _c1999
300 _axiv, 193 leaves
_c28 cm.
500 _aThesis (Ed.D.-Educational Management) -- Mariano Marcos State University-Graduate School, Laoag City
504 _aBibliography: leaves 157-166
942 _2ddc
_cTHEDIS
999 _c9709
_d9709